| 000 | 01904nam2a2200301 4500 | ||
|---|---|---|---|
| 001 | rc\2984944 | ||
| 005 | 20120823125055.6 | ||
| 010 |
_bПереплет _d4 р. 50 к., пер. 50 к. _925000 |
||
| 021 |
_aRU _b20733-34/34 г. XVБ _bМ938 |
||
| 035 | _a(NLR Aleph) 008785998 | ||
| 090 |
_a13632108 _c13632108 |
||
| 100 | _a20110911d1934 u||y0rusy50 ca | ||
| 101 | 0 | _arus | |
| 102 | _aRU | ||
| 105 | _ac z |||g| | ||
| 200 | 1 |
_aПоэмы _aДрамы _fред. С.М. Бонди, Б.В. Томашевского, П.Е. Щеголева |
|
| 210 |
_aМосква _aЛенинград _cГИХЛ _d1934 |
||
| 215 |
_a536 с., 1 вкл. л. портр. _d18х12 |
||
| 461 | 0 |
_1001rc\2984941 _12001#$aПолное собрание сочинений$eв 6 томах$fА.С. Пушкин$gпод общ. ред. Демьяна Бедного, А.В. Луначарского, П.Н. Сакулина ... [и др.]$gвступ. ст. А.В. Луначарского$vТ. III _1700#1$3RU\NLR\AUTH\77386$8rus$7ca$aПушкин$bА. С.$f1799-1837$gАлександр Сергеевич _98010965 _aПушкин, А. С. (1799-1837) _cМосква _d1934 _e2-е изд. _fА.С. Пушкин _nГосударственное издательство художественной литературы _oв 6 томах _tПолное собрание сочинений _vТ. III |
|
| 702 | 1 |
_4340 _7ca _8rus _aЩеголев _bП. Е. _f1877-1931 _gПавел Елисеевич _967133 _3RU\NLR\AUTH\7784205 |
|
| 702 | 1 |
_4340 _aБонди _bС. М. _f1891-1983 _gСергей Михайлович _949051 _3RU\NLR\AUTH\7766122 |
|
| 702 | 1 |
_4340 _7ca _8rus _aТомашевский _bБ. В. _f1890-1957 _gБорис Викторович _942988 _3RU\NLR\AUTH\7760057 |
|
| 801 | 0 |
_aRU _bNLR _gpsbo |
|
| 801 | 1 |
_aRU _bELAR _2rusmarc |
|
| 801 | 2 |
_aRU _bNLR _c20120823 _2rusmarc |
|
| 852 |
_aNLR _jПушкин/1-105 |
||
| 942 | _cBOOK | ||
| 980 | _aNB | ||